Proyecto Condominio Pinares de Santo Domingo : inversiones de negocios y proyectos S.A.
La investigación presenta el desarrollo del proyecto Pinares de Santo Domingo, el cual fue concebido en las oficinas de la empresa inversiones inmobiliarias y valor. Dicho proyecto contempla principalmente tres grandes etapas de trabajo, el anteproyecto, el desarrollo del proyecto y la etapa de eje...
| Main Authors: | , , |
|---|---|
| Other Authors: | |
| Format: | Tesis Section = Libro |
| Language: | Undetermined Spanish |
| Published: |
Managua
UNI
2015
|
| Subjects: |
| LEADER | 01371nam a2200265Ia 4500 | ||
|---|---|---|---|
| 008 | 240830s9999 xx 000 0 und d | ||
| 040 | |a BIBLIOTECA-RUSB/ Mon 690.2 F676 | ||
| 041 | |a spa | ||
| 082 | |a Mon 690.2 F676 | ||
| 100 | 1 | |a Fonseca Jarquín, Edén Santiago | |
| 100 | 1 | |b Larios Maxon, Lester Andrés | |
| 100 | 1 | |c Castillo García, María José | |
| 245 | 1 | 0 | |a Proyecto Condominio Pinares de Santo Domingo : inversiones de negocios y proyectos S.A. |
| 260 | |a Managua |b UNI |c 2015 | ||
| 300 | |a 131 p. :il. | ||
| 500 | |a Informe de prácticas profesionales supervisadas. | ||
| 502 | |a Tesis (Arquitecto) - UNI, 2015. | ||
| 520 | 3 | |a La investigación presenta el desarrollo del proyecto Pinares de Santo Domingo, el cual fue concebido en las oficinas de la empresa inversiones inmobiliarias y valor. Dicho proyecto contempla principalmente tres grandes etapas de trabajo, el anteproyecto, el desarrollo del proyecto y la etapa de ejecución. El informe es importante porque brinda una clara visión del trabajo al que se deben enfrentar los profesionales de la arquitectura, no solo a nivel técnico, sino a nivel logístico. | |
| 650 | 7 | |a PRACTICAS PROFESIONALES | |
| 650 | 7 | |b CONDOMINIO- ARQUITECTURA | |
| 650 | 7 | |c PROYECTO- DISEÑO ARQUITECTONICO | |
| 700 | 1 | |a Tutor: |b Támez Grenda, Gundel | |
| 942 | |c BK |2 ddc | ||
| 991 | |a TESIS | ||
| 999 | |c 20793 | ||